01354nam a2200229Ia 4500008004100000020001500041041001200056100002100068245007200089250000800161260003700169300000800206650001000214700001600224942000700240999001700247952017200264952017200436952017200608952017200780952017200952221030s9999 xx 000 0 und d a8176710199 aEnglish aS. P. Timoshenko 0aElements of Strength of Materialscby S. P. Timoshenko, D. H. Young a5th bEast West PressaNew Delhic2013 a375 aCivil aD. H. Young cBK c14950d14950 pBE 13302g175.00i3493l0eRKBr2024-06-13 00:00:00w2022-10-30yBK003Print4071aMIETLIBbMIETLIBcBL-Academic Block B, FL-2, CUP-108, SH-2, R-2d2013-09-0510HBE pBE 13303g175.00i3493l0eRKBr2024-06-13 00:00:00w2022-10-30yBK003Print4070aMIETLIBbMIETLIBcBL-Academic Block B, FL-2, CUP-132, SH-2, R-2d2013-09-0510HBE pBE 13304g175.00i3493l0eRKBr2024-06-13 00:00:00w2022-10-30yBK003Print4070aMIETLIBbMIETLIBcBL-Academic Block B, FL-2, CUP-132, SH-2, R-2d2013-09-0510HBE pBE 13305g175.00i3493l0eRKBr2024-06-13 00:00:00w2022-10-30yBK003Print4070aMIETLIBbMIETLIBcBL-Academic Block B, FL-2, CUP-132, SH-2, R-2d2013-09-0510HBE pBE 13306g175.00i3493l0eRKBr2024-06-13 00:00:00w2022-10-30yBK003Print4070aMIETLIBbMIETLIBcBL-Academic Block B, FL-2, CUP-132, SH-2, R-2d2013-09-0510HBE